• 首页
  • 本馆介绍
  • 公告通知
  • 最新文献
  • 馆藏检索
  • 电子资源
  • 读者导购
  • 参考咨询
  • 我的图书馆
  • 登录
  • 详细信息显示
  • 放入我的书架
  • 预约/预借图书
  • 作者相关作品
  • 分类相关作品
  • 丛书相关作品
  • 出版社相关作品

书目信息

  • 表格格式
  • 工作单格式
  • 卡片格式
题名:
物理习题指导
    
 
作者: ;北京市教育学院东城分院物理教研组 编
分册:  
出版信息: 北京   人民交通出版社  1981
页数: 308页
开本: 19cm
丛书名:
单 册:
中图分类: G634.7 , G633.7
科图分类:
主题词: 物理--解题--初中 , 教育--各级
电子资源:
ISBN:
000 00775nam0 2200253 45
001 0181008773
005 20060909165532.76
010    @dCNY1.00
091    @a15044.3199
100    @a19950427d1981 demy0chiy0121 ea
101 0  @achi
102    @aCN@b110000
105    @ay z 000yy
200 10 @a物理习题指导@Awu li xi ti zhi dao@e全日制十年学校初中部分@f北京教育学院东城分院物理教研组编
210    @a北京@c人民交通出版社@d1981
215    @a308页@d19cm
606    @a物理@x解题@x初中
606 0  @a教育@x各级
690    @aG634.7@v3
690    @aG633.7@v3
711 02 @a北京市教育学院东城分院物理教研组@Abei jing shi jiao yu xue yuan dong cheng fen yuan wu li jiao yanzu@4编
801  0 @aCN@b上海图书馆@c20060909
801  2 @aCN@bNLC@c20060810
905    @dG633.7@e117
    
    物理习题指导:全日制十年学校初中部分/北京教育学院东城分院物理教研组编.-北京:人民交通出版社,1981
    308页;19cm
    
    
    ISBN :CNY1.00
    
●
相关链接 在E读中查询图书 在五车中查询图书 在当当中查询图书 在豆瓣中查询图书


正题名:物理习题指导     索取号:G633.7/117         预约/预借

序号 登录号 条形码 馆藏地/架位号 状态 备注
1 0075984   001953960   密集书库/ [索取号:G633.7/117] 在馆    
2 0075985   000617826   密集书库/ [索取号:G633.7/117] 在馆    
3 0075986   000617880   第一样本阅览室/ [索取号:G633.7/117] 在馆    
4 0075987   000617817   密集书库/ [索取号:G633.7/117] 在馆    
5 0075988   000617871   密集书库/ [索取号:G633.7/117] 在馆    
6 0084088   001958304   密集书库/ [索取号:G633.7/117] 在馆    
7 0228281   000615819   密集书库/ [索取号:G633.7/117] 在馆    
8 0228282   000615828   第一样本阅览室/ [索取号:G633.7/117] 在馆    
9 0440091   204400914   密集书库/ [索取号:G633.7/117] 在馆    
10 0440096   204400969   密集书库/ [索取号:G633.7/117] 在馆    
11 0440097   204400978   密集书库/ [索取号:G633.7/117] 在馆    
12 0454046   204540461   密集书库/ [索取号:G633.7/117] 在馆    
13 0464758   204647588   密集书库/ [索取号:G633.7/117] 在馆    
14 0464759   204647597   密集书库/ [索取号:G633.7/117] 在馆    
15 0464811   204648113   密集书库/ [索取号:G633.7/117] 在馆    
16 0471815   204718154   密集书库/ [索取号:G633.7/117] 在馆    
唐山师范学院图书馆 欢迎您!
大连网信软件有限公司© 版权所有